000 00637nam a22002177a 4500
003 UA-OsUOA
001 33279
007 ta
008 20050211b un ||||| |||| 00| 0 ukr d
090 _a94(477).09(092)
_bС56
942 _cBK
040 _aUA-OsUOA
_brus
_cUA-OsUOA
_dUA-OsUOA
245 _aУкраинская ССР в первый период Великой отечественной войны (22 июня 1941 г. - 18 ноября 1942 г.)
_cСост. Д. Ф.Григорович
300 _a556 с.
955 _a0
041 _arus
080 _a94(477).09(092)
260 _c1980
044 _aUA
650 7 _2UDC
999 _c319741
_d319741